000 00297nam a2200133 a 4500
001 4144
005 20140414131923.0
008 090317s19uu xx 00 eng d
050 _aER
_bT14 1992
100 _aPotter, Beatrix
245 _aTale of Tom kitten.
999 _c111874
_d111874